| 000 | 01693nam a2200445 i 4500 | ||
|---|---|---|---|
| 001 | 198340 | ||
| 003 | ES-MaACL | ||
| 005 | 20260521130425.0 | ||
| 007 | ta | ||
| 008 | 260521s1976 sp a|||| |||| 001 0 spa d | ||
| 017 |
_aM 18424-1976 _bOficina Depósito Legal Madrid |
||
| 020 | _a84-206-1619-2 | ||
| 040 |
_aES-MaACL _bspa _cES-MaACL _erda |
||
| 080 | _a82.09:165.75 | ||
| 100 | 1 |
_4aut _aCuller, Jonathan _eaut _942145 |
|
| 240 | 1 | 0 |
_aStructuralism: an introduction. _lInglés _9243098 |
| 245 | 1 | 0 |
_aIntroducción al estructuralismo / _cJonathan Culler, Umberto Eco, Robin Gandy, Edmund Leach, John Lyons, John Mepham y Tzvetan Todorov ; selección e introducción de David Robey ; traductor, Paloma Varela |
| 264 | 1 |
_aMadrid : _bAlianza Editorial, _c1973 |
|
| 264 | 4 | _c©1973 | |
| 300 |
_a228 páginas : _bgráficos (blanco y negro) ; _c18 cm |
||
| 336 |
_2rdacontent _aTexto |
||
| 337 |
_2rdamedia _asin mediación |
||
| 338 |
_2rdacarrier _avolumen |
||
| 490 | 0 |
_aEl libro de bolsillo. _pSección Humanidades ; _v619 |
|
| 500 | _aRegistro provisional | ||
| 500 | _aFirma de J. Porto | ||
| 504 | _aIncluye referencias bibliográficas e índice | ||
| 650 | 4 |
_aEstructuralismo (Análisis literario) _912568 |
|
| 700 | 1 |
_aEco, Umberto, _d1932-2016 _4aut _946611 _eaut |
|
| 700 | 1 |
_aGandy, Robin _4aut _9243100 _eaut |
|
| 700 | 1 |
_aLeach, Edmund _4aut _970947 _eaut |
|
| 700 | 1 |
_aLyons, John _4aut _974959 _eaut |
|
| 700 | 1 |
_aMepham, John, _d1938- _4aut _9243101 _eaut |
|
| 700 | 1 |
_aTodorov, Tzvetan _4aut _9110413 _eaut |
|
| 852 |
_aES-MaACL _cDES _jDB-187 _hDonación: J. Porto _xEncuadernación rústica |
||
| 942 |
_cMONOGRAFIA _n0 |
||
| 999 |
_c198340 _d198340 |
||